8 mots dans mots : var (mort subite) - Statistiques

Statistiques générales
  • Ce quiz a été pris 45 fois
  • Le résultat moyen est 5 sur 8
Answers on the Grid
Answers color-coded by a green-red scale on the quiz's grid according to % correct below.
Ba---oise
En---onnementaliste
Dé---iliser
Supero---iée
Vir---lter
Ba---der
Virt---isation
In---iablement
Na---es-écoles
A---icieuse
Tampon-bu---d
N---re-citerne
Multi---ié
P---ts-virgules
Antiré---viral
Anti---iolique
 
Statistiques - réponses
Réponse % Correct
Ba---oise
100%
Ba---der
71%
In---iablement
68%
Multi---ié
58%
Tampon-bu---d
55%
Anti---iolique
53%
A---icieuse
42%
Supero---iée
21%
Aucun quiz correspondant
Distribution des résultats
% des personnes avec chaque résultat
Percentile par nombre de réponses
Votre historique - résultats
Vous n’avez pas pris ce quiz